000 00602nam a22002053 4500
001 25096
003 BD-RjUL
005 20211209050829.0
008 140316s1927 enk 001 0 eng d
035 _a(BD-RjUL)25165
040 _aANL
_beng
_cANL
_dANL
_dBD-RjUL
041 _aeng
082 0 4 _219
_a941.0830924
_bGRL 1927
100 1 _aGraves, Robert,
_d1895-
_977225
245 1 0 _aLawrence and the Arabs /
_cby Robert Graves.
260 _aLondon :
_bJonathan cape,
_c1927.
300 _a454 p. ;
_bill.;
_c20 cm.
600 _aLawrence, T. E. -- (Thomas Edward),
_d1888-1935.
_969790
942 _2ddc
_cBK
999 _c25096
_d25096